Histoire du IIIe millénaire av. J.-C. - Statistiques

Statistiques générales
  • Ce quiz a été pris 30 fois
  • Le résultat moyen est 6 sur 15
Statistiques - réponses
Année Evénement Réponse % Correct
c. 2070 av. J.-C. Yu le Grand établit la dynastie Xia, la plus grande de ce pays Chine
89%
XXVIe siècle av. J.-C. A proximité de cette construction est érigée une statue de 73 mètres de long représentant une créature mythique Sphinx de Gizeh
67%
c. 3000 av. J.-C. La construction de ce fameux monument mégalithique anglais débute Stonehenge
67%
c. 2600 av. J.-C. Caral, la plus vieille cité des Amériques, est fondée dans ce pays moderne Pérou
59%
c. 2100 av. J.-C. Cette ville, situé dans l'actuel Irak, fut peut-être la première à atteindre les 100 000 habitants ( indice : 2 lettres) Ur
59%
XXVIe siècle av. J.-C. Cette merveille du monde antique est construite à Gizeh Pyramide de Khéops
52%
c. 2700 av. J.-C. Le tombeau de Seth-Péribsen est construit. C'est ici qu'a été découverte la plus anciennephrase complète utilisant ce système d'écriture égyptien Hiéroglyphes
30%
c. 2150 av. J.-C. Cette ville, également connue sous le nom de Thebes, devient la capitale de l'Egypte Louxor
30%
avant 2200 av. J.-C. Cette civilisation, originaire de Crète, commence le commerce maritime avec l'Egypte et la Syrie Minoenne
30%
c. 2100 av. J.-C. Les anciens Mésopotamiens inventent cette période afin de subdiviser le temps Semaine
22%
avant 2600 av. J.-C. De grandes zones peuplées se développent dans cette vallée fluviale, située dans l'actuel Pakistan Vallée de l'Indus
22%
c. 2200 av. J.-C. Les premiers peuples austronésiens partent de cette île proche de l'Asie continentale. Ils colonisent ensuite une grande partie de l'Océanie Taiwan
19%
c. 2100 av. J.-C. Les premiers poèmes de cette épopée sumérienne sont écrits L'épopée de Gilgamesh
15%
c. 2100 av. J.-C. La ville sus-citée commence la construction de ce bâtiment massif en terrasses, servant supposément à des fins religieuses Grande Ziggurat d'Ur
7%
c. XXIIIe siècle av. J.-C. Ce souverain conquiert les cités-États sumériennes, créant ainsi le premier empire de l'histoire Sargon d'Akkad
4%
Aucun quiz correspondant
Distribution des résultats
% des personnes avec chaque résultat
Percentile par nombre de réponses
Votre historique - résultats
Vous n’avez pas pris ce quiz